Normal view
MARC view
- القضاء في الفقه الاسلامي
Entry Topical Term
001 - CONTROL NUMBER
- control field: 53184
003 - CONTROL NUMBER IDENTIFIER
- control field: JO-AjAnu
005 - DATE AND TIME OF LATEST TRANSACTION
- control field: 20230606082734.0
008 - FIXED-LENGTH DATA ELEMENTS
- fixed length control field: 230606|| aca||aabn | a|a d
040 ## - CATALOGING SOURCE
- Original cataloging agency: JO-AjAnu
- Transcribing agency: JO-AjAnu
150 ## - HEADING--TOPICAL TERM
- Topical term or geographic name entry element: القضاء في الفقه الاسلامي
670 ## - SOURCE DATA FOUND
- Source citation: Work cat.: (JO-AjAnu)27172: محمود، ضاري خليل ، م.مشارك سعيد حسب الله عبد الله, author 53183, أدب القضاء في الفقه الإسلامي والقانون والقضاء الجنائي البحريني المقارن